A Better India A Better World/ (Record no. 68426)

MARC details
000 -LEADER
fixed length control field 01046nam a22002657a 4500
005 - DATE AND TIME OF LATEST TRANSACTION
control field 2012071709239.0
008 - FIXED-LENGTH DATA ELEMENTS--GENERAL INFORMATION
fixed length control field 090529t xxu||||| |||| 00| 0 eng d
010 ## - LCCN (DPL NO)
LC control number B-328866
020 ## - INTERNATIONAL STANDARD BOOK NUMBER
International Standard Book Number 9780670082834
Terms of availability 499-00
035 ## - SYSTEM CONTROL NUMBER
System control number G-001666
035 ## - SYSTEM CONTROL NUMBER
System control number G-001666
037 ## - SOURCE OF ACQUISITION
Stock number dpl
Source of stock number/acquisition Gift
037 ## - SOURCE OF ACQUISITION
Source of stock number/acquisition Gift
040 ## - CATALOGING SOURCE
Original cataloging agency dpl
Language of cataloging eng
082 ## - DEWEY DECIMAL CLASSIFICATION NUMBER
Classification number 330.954
100 ## - MAIN ENTRY--PERSONAL NAME
Personal name Narayana Murthy , N.R
9 (RLIN) 50203
245 ## - TITLE STATEMENT
Title A Better India A Better World/
Statement of responsibility, etc by N R Narayana Murthy
260 ## - PUBLICATION, DISTRIBUTION, ETC. (IMPRINT)
Place of publication, distribution, etc New Delhi
Name of publisher, distributor, etc Penguin Books
Date of publication, distribution, etc 2009
270 ## - ADDRESS
Address 11 Community Centre Panchsheel Park
City New Delhi
Postal code 110017
300 ## - PHYSICAL DESCRIPTION
Extent xii,288p.
Dimensions 24cm;(Hb).
942 ## - ADDED ENTRY ELEMENTS (KOHA)
Source of classification or shelving scheme Dewey Decimal Classification
Item type English Books
Classification part 330.954
Call number suffix NAR
Holdings
Withdrawn status Lost status Source of classification or shelving scheme Damaged status Not for loan Collection code Home library Current library Date acquired Source of acquisition Cost, normal purchase price Total Checkouts Total Renewals Full call number Barcode Date last seen Copy number Koha item type
    Dewey Decimal Classification     Non-fiction Janak Puri Janak Puri 17/07/2012 Gift 499.00 8 2 330.954 NAR G-001666 13/07/2015 1 English Books

© Delhi Public Library
Hit Counter
free hit counter